|
|
|
|
| LEADER |
00774cam a2200241 a 4500 |
| 001 |
0000105243 |
| 005 |
20131128090000.0 |
| 040 |
|
|
|a mod
|
| 041 |
|
|
|a eng
|
| 020 |
0 |
0 |
|a 0135511445
|
| 090 |
0 |
0 |
|a 658
|b ROB
|e 1988
|
| 100 |
1 |
0 |
|a Robbins
|h Stephen P.
|
| 245 |
1 |
0 |
|a Management
|b concepts and applications
|c Stephen P. Robbins
|
| 250 |
0 |
0 |
|a 2nd ed.
|
| 260 |
0 |
0 |
|a Englewood Cliffs, N.J.
|b Prentice-Hall
|c 1988
|
| 300 |
|
|
|a xxi, 715 p.
|b ill. (some col.)
|c 26 cm
|
| 504 |
0 |
0 |
|a Includes bibliographies and index
|
| 650 |
0 |
0 |
|a Management
|
| 999 |
|
|
|
| 999 |
|
|
|
| 999 |
|
|
|a 0000005941
|b MTAT
|d BOOKS
|e Umum
|f MTAT
|j AVAILABLE
|p 1
|q GOOD CONDITION
|
| 999 |
|
|
|a 0000005942
|b MTAT
|d BOOKS
|e Umum
|f MTAT
|j AVAILABLE
|p 2
|q GOOD CONDITION
|
| 999 |
|
|
|a 0090159
|b IPDA
|d BOOKS
|e Umum
|f IPDA
|j AVAILABLE
|q GOOD CONDITION
|